[Event "Madrid-ch Previa-B"]
[Site "Madrid"]
[Date "2008.11.14"]
[Round "4"]
[White "Escoredo Garcia, Jesus"]
[Black "Nieto de la Cruz, Julio"]
[Result "0-1"]
[WhiteElo "1906"]
[BlackElo "2015"]
[PlyCount "62"]
[EventDate "2008.11.06"]
[EventType "swiss"]
[EventRounds "9"]
[EventCountry "ESP"]
[SourceTitle "CBM 127 Extra"]
[Source "ChessBase"]
[SourceDate "2009.01.08"]
[SourceVersion "2"]
[SourceVersionDate "2009.01.28"]
[SourceQuality "1"]

1. d4 Nf6 2. c4 c5 3. Nf3 cxd4 4. Nxd4 Nc6 5. g3 Qb6 6. e3 d5 7. Nxc6 bxc6 8. cxd5 cxd5 9. Bg2 Bf5 10. 0-0 e6 11. Nc3 Be7 12. b3 0-0 13. Bb2 Rac8 14. Rc1 Rfd8 15. Ne2 Qa6 16. Nd4 Be4 17. f3 Bg6 18. Rf2 e5 19. Bf1 Qb6 20. Nc2 Bxc2 21. Rcxc2 Rxc2 22. Qxc2 Qxe3 23. Qc7 Re8 24. Bc1 Qc5 25. Qxc5 Bxc5 26. Bb5 Rc8 27. Bg5 Bxf2+ 28. Kxf2 Rc2+ 29. Ke3 Rxa2 30. Bxf6 gxf6 31. Bc6 d4+ 0-1

[Event "Madrid-ch Previa-B"]
[Site "Madrid"]
[Date "2008.11.08"]
[Round "3"]
[White "Morona Minguez, Irene"]
[Black "Escoredo Garcia, Jesus"]
[Result "0-1"]
[WhiteElo "1743"]
[BlackElo "1906"]
[PlyCount "82"]
[EventDate "2008.11.06"]
[EventType "swiss"]
[EventRounds "9"]
[EventCountry "ESP"]
[SourceTitle "CBM 127 Extra"]
[Source "ChessBase"]
[SourceDate "2009.01.08"]
[SourceVersion "2"]
[SourceVersionDate "2009.01.28"]
[SourceQuality "1"]

1. e4 c5 2. Nc3 e6 3. g3 a6 4. Bg2 Nc6 5. d3 Qc7 6. Be3 Be7 7. Nge2 Nf6 8. 0-0 0-0 9. h3 b5 10. Qd2 Bb7 11. f4 d6 12. g4 Rad8 13. Ng3 d5 14. exd5 exd5 15. Nce2 d4 16. Bf2 Rfe8 17. Ne4 Nxe4 18. dxe4 Na5 19. Rab1 Nc4 20. Qd3 Bf8 21. a4 Qc6 22. Ng3 Bd6 23. Nh5 Bc7 24. Bh4 Rd6 25. Rf2 Ne3 26. Bf3 Qb6 27. e5 Rde6 28. axb5 axb5 29. Bg3 Bxf3 30. Rxf3 c4 31. Qe2 Qb7 32. Kh2 Bb6 33. f5 Rxe5 34. Bxe5 Rxe5 35. Qf2 Nxc2 36. f6 d3 37. Qh4 Qxf3 38. Ng3 Qf2+ 39. Kh1 Re1+ 40. Rxe1 Qxe1+ 41. Kg2 Qf2+ 0-1